|
|
|
|
| LEADER |
01178nam a22002417a 4500 |
| 001 |
38083 |
| 003 |
BD-DhAAL |
| 008 |
221220t2015 bg ||||| |||| 00| 0 ben d |
| 999 |
|
|
|c 45230
|d 45230
|
| 040 |
|
|
|a BD-DhAAL
|c BD-DhAAL
|
| 041 |
|
|
|a ben
|
| 082 |
|
|
|a 338.95492
|2 23
|
| 100 |
|
|
|a শামস, মনজুর
|9 53061
|
| 245 |
|
|
|a একশত গ্রামীণ উদ্যোক্তার সফল জীবন সংগ্রাম /
|c মনজুর শামস
|
| 260 |
|
|
|a ঢাকা :
|b সেন্টার ফর ডেভেলপমেন্ট ইনোভেশন এন্ড প্র্যাকটিসেস (সিদীপ),
|c ২০১৫.
|
| 300 |
|
|
|a ৩৩২ পৃষ্ঠা ;
|c ২৪ সে.মি.
|
| 541 |
|
|
|a Donated By Akbar Ali Khan
|e 38083
|
| 650 |
|
|
|a Entrepreneurship
|z Bangladesh.
|9 53062
|
| 650 |
|
|
|a Rural development
|z Bangladesh.
|9 53063
|
| 650 |
|
|
|a Economics.
|9 53065
|
| 852 |
|
|
|a Ayesha Abed Library
|c Akbar Ali Khan Collection
|
| 942 |
|
|
|2 ddc
|c BK
|
| 952 |
|
|
|0 0
|1 0
|2 ddc
|4 0
|6 338_954920000000000_SHA
|7 1
|9 72542
|a BRACUL
|b BRACUL
|c AAKC
|d 2022-12-20
|e Donated by Akbar Ali Khan
|l 0
|o 338.95492 SHA
|p 3010038083
|r 2022-12-20
|t 1
|w 2022-12-20
|y BK
|